000 00360nam a22001577a 4500
003 MPLRDC
005 20220104144547.0
008 210129b ||||| |||| 00| 0 eng d
082 _a415.52 OMX
100 _a不详
245 _a肠胃细菌知多少
_c
260 _a
_bOMX INTERNATIONAL
_c
300 _b
650 _a胃病
942 _cBK
_o415.52 OMX
999 _c50807
_d50797